00325nam a2200121Ia 4500008004100000041000800041082001700049100002100066245004500087260003500132300002900167365000700196240624s9999 xx 000 0 und d aeng a658.4033 MOU aMOUHAMMED ADIL H aQUANTITATIVE METHODS FOR BUSINESS AND EC c2003aNew DelhibPrentice-Hall ax, : 377 : p. : cm. ; 23 cRS